000 00648nas a2200229 4500
001 BR7200073
003 BR-BrBNA
005 20231205082344.0
007 ta
008 230509b bl.|||p| |||| 00| 00por d
040 _aBR-BrBNA
_bpor
_cBiblioteca Nacional de Agricultura
041 _a(Pt)
072 _aF00
100 1 _aBras, L.M.J.
245 1 _aMaturacao da cana, ponto de maturidade
650 _aCANA DE ACUCAR
650 _aMATURACAO
650 _aACUCAR REDUTOR
773 0 _tBrasil Acucareiro (Brazil)
_xISSN 0006-9167
_g(Oct 1972), v. 80(4) p. 42-48
_wBR7200073
909 _a202311
_bLúcia
_c55
_dLúcia Elande
942 _2AGRIS
_n0
_cANA
999 _c91140
_d91140